Prefektury Japonii - minuta sprintu - Statystyki

Ogólne statystyki
  • Ten quiz został rozwiązany 35 razy
  • Średni wynik to 15 z 47
Odpowiedzi na mapie
Odpowiedzi zakodowano w zielono-czerwonej skali na mapie do tego quizu, zgodnie z poniższymi procentami.
 
Statystyki odpowiedzi
Prefecture % Poprawnych
Tokio
95%
Hokkaido
86%
Osaka
73%
Nagasaki
68%
Hiroszima
59%
Kioto
59%
Nara
55%
Akita
45%
Aomori
45%
Okinawa
45%
Ehime
36%
Fukui
36%
Fukushima
36%
Iwate
36%
Nagano
36%
Aichi
32%
Chiba
32%
Kanagawa
32%
Ōita
32%
Fukuoka
27%
Gifu
27%
Ibaraki
27%
Kagawa
27%
Kōchi
27%
Mie
27%
Miyagi
27%
Miyazaki
27%
Niigata
27%
Saga
27%
Toyama
27%
Ishikawa
23%
Okayama
23%
Saitama
23%
Tottori
23%
Yamagata
23%
Gunma
18%
Hyōgo
18%
Tokushima
18%
Wakayama
18%
Yamaguchi
18%
Yamanashi
18%
Kagoshima
14%
Kumamoto
14%
Shiga
14%
Shimane
14%
Shizuoka
14%
Tochigi
14%
Nie znaleziono quizów pasujących do podanych kryteriów
Rozkład punktacji
Procent ludzi z każdym wynikiem
Percentyl według liczby udzielonych odpowiedzi
Twoja historia wyników
Nie rozwiązałeś tego quizu